[Event "18. Sparkassen Open 2019 - Gruppe A"]
[Site "Forchheim"]
[Date "2019.10.04"]
[Round "1.1"]
[White "Kilian, Markus"]
[Black "Miller, Eduard"]
[Result "0-1"]
[WhiteElo "2087"]
[BlackElo "2402"]
[PlyCount "120"]
[EventDate "2019.??.??"]
[WhiteTeam "ESV Lok Meiningen"]
[BlackTeam "SC Erlangen 48/88"]

1. d4 Nf6 2. c4 g6 3. Nc3 Bg7 4. e4 d6 5. f3 O-O 6. Be3 a6 7. Qd2 c6 8. O-O-O
b5 9. g4 bxc4 10. Bh6 d5 11. e5 Ne8 12. h4 f6 13. h5 g5 14. Bxg7 Nxg7 15. h6
Ne6 16. Nh3 Rf7 17. f4 gxf4 18. Nxf4 fxe5 19. Nxe6 Bxe6 20. Qg5+ Kh8 21. Qxe5+
Rf6 22. g5 Nd7 23. Qe3 Rg6 24. Be2 Bf5 25. Bh5 Rg8 26. Bf7 Rf8 27. Be6 Bxe6 28.
Qxe6 Qc7 29. Qxe7 Qf4+ 30. Kb1 Rf7 31. Qe6 Qf5+ 32. Qxf5 Rxf5 33. Rhe1 Rxg5 34.
Re6 Rg6 35. Rde1 Rf8 36. Rxg6 hxg6 37. Re7 Rf1+ 38. Kc2 Nf8 39. Nd1 g5 40. Ne3
Rf4 41. Kc3 g4 42. Rc7 g3 43. Rxc6 Rf3 44. Kd2 g2 45. Nxg2 Rf2+ 46. Kc3 Rxg2
47. Rxa6 Ng6 48. Rf6 Rg4 49. a4 Nf4 50. Rf8+ Kh7 51. Re8 Rg3+ 52. Kc2 Rb3 53.
a5 Nd3 54. a6 Rxb2+ 55. Kc3 Rb3+ 56. Kd2 Ra3 57. Rd8 Nb4 58. Rd7+ Kxh6 59. a7
c3+ 60. Kc1 Ra1# 0-1

[Event "18. Sparkassen Open 2019 - Gruppe A"]
[Site "Forchheim"]
[Date "2019.10.04"]
[Round "1.2"]
[White "Schulz, Lukas"]
[Black "Ammon, Tobias"]
[Result "0-1"]
[WhiteElo "2345"]
[BlackElo "2156"]
[PlyCount "88"]
[EventDate "2019.??.??"]
[WhiteTeam "SC Erlangen 48/88"]
[BlackTeam "SV Altensittenbach"]

1. e4 c6 2. Nc3 d5 3. g3 dxe4 4. Nxe4 Nf6 5. Bg2 Nxe4 6. Bxe4 Nd7 7. d4 Nf6 8.
Bg2 Bf5 9. Nf3 e6 10. O-O Be7 11. Ne5 O-O 12. c3 h6 13. Qe2 Qc7 14. g4 Bh7 15.
f4 Nd7 16. Bd2 Rad8 17. Rae1 Bh4 18. Rc1 Nxe5 19. fxe5 Qe7 20. b4 a6 21. a4 Qd7
22. Be3 Rc8 23. Ra1 Rc7 24. Ra3 Rfc8 25. Rc1 Bg6 26. Rb3 Qe7 27. Rb2 Kh7 28. c4
Bg5 29. c5 Rd8 30. Rd1 Bxe3+ 31. Qxe3 Qh4 32. h3 h5 33. Qf4 Kg8 34. Rf2 Rcd7
35. Rfd2 Kf8 36. b5 axb5 37. axb5 cxb5 38. Rb2 Bf5 39. Rxb5 hxg4 40. Rxb7 g5
41. Qf2 g3 42. Qe3 Rxd4 43. Rxd4 Rxd4 44. Qf3 Rd3 0-1

[Event "18. Sparkassen Open 2019 - Gruppe A"]
[Site "Forchheim"]
[Date "2019.10.04"]
[Round "1.3"]
[White "Manthey, Frank"]
[Black "Hilverda, Alexander"]
[Result "1-0"]
[WhiteElo "2058"]
[BlackElo "2301"]
[PlyCount "95"]
[EventDate "2019.??.??"]
[WhiteTeam "SK Schwanstetten 79 e.V."]
[BlackTeam "SC Erlangen 48/88"]

1. e4 c5 2. c3 d5 3. exd5 Nf6 4. Bb5+ Nbd7 5. c4 e6 6. dxe6 fxe6 7. Qe2 Be7 8.
Nf3 a6 9. Ba4 b5 10. Bb3 Nb6 11. d3 O-O 12. O-O Qd6 13. Nbd2 b4 14. Bc2 Bd7 15.
b3 Nh5 16. Bb2 Qf4 17. Rae1 Qh6 18. Ne5 Nf4 19. Qg4 Rf5 20. Ndf3 Raf8 21. d4
Rh5 22. Bc1 cxd4 23. Re4 Bg5 24. h4 Nh3+ 25. Qxh3 Bxc1 26. g4 Rxe5 27. Nxe5 Bc8
28. Nd3 Bd2 29. Re5 Qf6 30. g5 Qf7 31. Re2 Bc3 32. Ne5 Qh5 33. Qg4 Qe8 34.
Bxh7+ Kxh7 35. g6+ Kg8 36. Qh5 Rf5 37. Qh7+ Kf8 38. Qh8+ Ke7 39. Qxg7+ Kd6 40.
c5+ Kxc5 41. Qc7+ Kb5 42. Nf7 Ka5 43. Re5+ Rxe5 44. Nxe5 Kb5 45. Qf7 Qd8 46. g7
Qd5 47. g8=Q Qxe5 48. Qg5 1-0

[Event "18. Sparkassen Open 2019 - Gruppe A"]
[Site "Forchheim"]
[Date "2019.10.04"]
[Round "1.4"]
[White "Liemann, Michael"]
[Black "Englert, Jon"]
[Result "1/2-1/2"]
[WhiteElo "2188"]
[BlackElo "2072"]
[PlyCount "51"]
[EventDate "2019.??.??"]
[BlackTeam "TV-Großostheim 1900 e.V."]

1. e4 g6 2. Nc3 Bg7 3. g3 c5 4. Bg2 Nc6 5. d3 e6 6. Be3 Nd4 7. f4 d6 8. Nf3 Ne7
9. O-O O-O 10. e5 Nef5 11. Bf2 Nxf3+ 12. Qxf3 Nd4 13. Qd1 dxe5 14. fxe5 Bxe5
15. Ne4 f5 16. Nxc5 Qc7 17. b4 a5 18. c3 Nb5 19. d4 Bg7 20. Qb3 axb4 21. Qxb4
Qa5 22. Qxa5 Rxa5 23. Bxb7 Nxc3 24. Bxc8 Rxc8 25. Nxe6 Rxa2 26. Rxa2 1/2-1/2

[Event "18. Sparkassen Open 2019 - Gruppe A"]
[Site "Forchheim"]
[Date "2019.10.04"]
[Round "1.5"]
[White "Böhme, Sebastian"]
[Black "Kleibel, Uwe"]
[Result "1/2-1/2"]
[WhiteElo "2095"]
[BlackElo "2202"]
[PlyCount "112"]
[EventDate "2019.??.??"]
[WhiteTeam "SC Uttenreuth e.V."]
[BlackTeam "SC Ortenburg 1894 e.V."]

1. d4 Nf6 2. Bf4 d5 3. e3 e6 4. Nd2 Bd6 5. Bg3 O-O 6. Ngf3 c5 7. c3 Qc7 8. dxc5
Qxc5 9. Bd3 Nbd7 10. e4 e5 11. O-O dxe4 12. Bxe4 Qc7 13. Bc2 b5 14. a4 Rb8 15.
axb5 Rxb5 16. Nc4 Rd5 17. Qe2 Bc5 18. Ne3 Bxe3 19. Qxe3 a5 20. Ng5 h6 21. Nh7
Re8 22. Nxf6+ Nxf6 23. Bh4 Rd6 24. Rfd1 Rxd1+ 25. Rxd1 Qc6 26. Bxf6 Bb7 27. f3
Qxf6 28. Qa7 Bc6 29. Qc7 Ba8 30. Qxa5 Qg5 31. Qb5 Rf8 32. Kh1 g6 33. b4 Rc8 34.
Qa6 Rd8 35. Rxd8+ Qxd8 36. Qd3 Qh4 37. Qe2 Bd5 38. Bd3 Qf4 39. Qd1 Bb3 40. Qe1
Bd5 41. Kg1 f5 42. b5 e4 43. fxe4 fxe4 44. Bf1 e3 45. b6 Kh7 46. c4 Bc6 47. Kh1
h5 48. Bd3 Qd4 49. Qe2 Kg7 50. c5 Be4 51. Ba6 Qxc5 52. Qb2+ Kh7 53. b7 e2 54.
Qxe2 Qc1+ 55. Qf1 Qxf1+ 56. Bxf1 Bxb7 1/2-1/2

[Event "18. Sparkassen Open 2019 - Gruppe A"]
[Site "Forchheim"]
[Date "2019.10.04"]
[Round "1.6"]
[White "Löw, Gerald"]
[Black "Meulner, Klaus"]
[Result "0-1"]
[WhiteElo "2162"]
[BlackElo "2090"]
[PlyCount "76"]
[EventDate "2019.??.??"]
[WhiteTeam "TSV Bindlach Aktionär"]
[BlackTeam "SC Schwarz-Weiß Nürnberg Süd e.V"]

1. c4 Nf6 2. Nc3 e5 3. Nf3 Nc6 4. e3 Bb4 5. Qc2 Bxc3 6. bxc3 d6 7. e4 O-O 8. d3
a6 9. a4 Bd7 10. g3 Na5 11. Bg2 b6 12. O-O Nb7 13. Nh4 Nc5 14. f4 exf4 15. Bxf4
Ne6 16. Bd2 Rb8 17. a5 b5 18. cxb5 Rxb5 19. Nf5 Qb8 20. Rab1 Ng4 21. Bf3 Ne5
22. Be2 c5 23. d4 cxd4 24. Bxb5 Bxb5 25. c4 Qa7 26. Kg2 Bxc4 27. Nxd6 Bd3 28.
Qb3 Qc7 29. Qb6 Qc2 30. Rb2 Bxf1+ 31. Kxf1 Qd1+ 32. Be1 Qf3+ 33. Bf2 Ng4 34.
Kg1 Ng5 35. Qxd4 Nh3+ 36. Kf1 Nhxf2 37. Rxf2 Nxf2 38. Qxf2 Qd1+ 0-1

[Event "18. Sparkassen Open 2019 - Gruppe A"]
[Site "Forchheim"]
[Date "2019.10.04"]
[Round "1.7"]
[White "Kolb, Tobias"]
[Black "Sattler, Stefan"]
[Result "1-0"]
[WhiteElo "2073"]
[BlackElo "2075"]
[PlyCount "77"]
[EventDate "2019.??.??"]
[WhiteTeam "SV Seubelsdorf e.V."]
[BlackTeam "SK 1911 Herzogenaurach e.V."]

1. e4 e6 2. d4 d5 3. exd5 exd5 4. Qf3 Be7 5. Bd3 Nf6 6. h3 c5 7. dxc5 Nc6 8.
Ne2 Qa5+ 9. c3 Ne5 10. Qg3 Nxd3+ 11. Qxd3 Qxc5 12. Be3 Qc7 13. Nd2 Bd7 14. O-O
O-O 15. Nb3 Qe5 16. Bd4 Qe4 17. Qxe4 Nxe4 18. Rfe1 Bd6 19. f3 Nf6 20. Rad1 Be6
21. Bc5 Rfd8 22. Bxd6 Rxd6 23. Rd2 Rc8 24. Red1 h6 25. Rd4 Ra6 26. a3 Rb6 27.
Rb4 Rxb4 28. axb4 Kf8 29. Ra1 a6 30. Nf4 Bf5 31. Nc5 g5 32. Ne2 Rc7 33. Nd4 Bc8
34. Kf2 Nd7 35. Nde6+ fxe6 36. Nxe6+ Ke7 37. Nxc7 Kd6 38. Ne8+ Ke7 39. Re1+ 1-0

[Event "18. Sparkassen Open 2019 - Gruppe A"]
[Site "Forchheim"]
[Date "2019.10.04"]
[Round "1.8"]
[White "Feldheim, Jonas"]
[Black "Blodig, Stefan"]
[Result "1/2-1/2"]
[WhiteElo "2095"]
[BlackElo "2131"]
[PlyCount "137"]
[EventDate "2019.??.??"]
[WhiteTeam "Spvgg 1946 e.V. Stetten"]
[BlackTeam "TV Riedenburg Schach"]

1. e4 e5 2. Bc4 Nf6 3. d3 Nc6 4. Nf3 Be7 5. c3 d6 6. Bb3 O-O 7. O-O Kh8 8. Nbd2
Bg4 9. h3 Bh5 10. Re1 Nd7 11. Nf1 Nc5 12. Bc2 Bxf3 13. Qxf3 Ne6 14. Be3 g6 15.
Bh6 Ng5 16. Qg3 Rg8 17. Bb3 Ne6 18. Qf3 Bf6 19. Ne3 Bg7 20. Qxf7 Bxh6 21. Qxe6
Re8 22. Qg4 Rf8 23. Nd5 Bg7 24. g3 Ne7 25. Ne3 c6 26. h4 a5 27. h5 Rf6 28. Qh4
gxh5 29. Qxh5 a4 30. Bc2 Rh6 31. Qd1 Qd7 32. Qg4 Qe8 33. Kg2 Qf7 34. Rh1 Rf8
35. Qe2 b5 36. b3 a3 37. b4 Rg6 38. Bb3 d5 39. c4 bxc4 40. dxc4 dxe4 41. Rad1
Nf5 42. Nxf5 Qxf5 43. Rh4 Rgf6 44. Rxe4 Qxf2+ 45. Qxf2 Rxf2+ 46. Kh3 h5 47. Rd7
Kh7 48. Rxe5 Kg6 49. Rde7 R8f6 50. R5e6 Rxe6 51. Rxe6+ Rf6 52. Bc2+ Kf7 53.
Rxf6+ Bxf6 54. Be4 c5 55. bxc5 Bd8 56. c6 Kg7 57. Kg2 Kf6 58. Kf3 Bc7 59. Bd5
Kg5 60. Bf7 h4 61. gxh4+ Kxh4 62. Ke4 Kg5 63. Kd5 Kf6 64. Bh5 Ke7 65. Kc5 Bf4
66. Kb4 Bc1 67. Bg4 Kd6 68. Kb5 Kc7 69. Bh3 1/2-1/2

[Event "18. Sparkassen Open 2019 - Gruppe A"]
[Site "Forchheim"]
[Date "2019.10.04"]
[Round "1.9"]
[White "Braun, Michael"]
[Black "Atkinson, Paul"]
[Result "1/2-1/2"]
[WhiteElo "2061"]
[BlackElo "2145"]
[PlyCount "92"]
[EventDate "2019.??.??"]
[WhiteTeam "SG Büchenbach/Roth e.V."]
[BlackTeam "SV Empor Berlin e.V."]

1. d4 f5 2. g4 d5 3. Bf4 Nf6 4. gxf5 Bxf5 5. Nf3 Nc6 6. e3 e6 7. Bd3 Bd6 8. Bg3
Bg4 9. Nbd2 e5 10. dxe5 Nxe5 11. Be2 Nc6 12. c3 O-O 13. Qa4 Qd7 14. Rg1 Bf5 15.
Qh4 Be7 16. Qf4 Ne8 17. Qa4 Qe6 18. Nh4 Nd6 19. Nxf5 Qxf5 20. Qg4 Ne5 21. Qxf5
Rxf5 22. Bxe5 Rxe5 23. Nf3 Rh5 24. Rg2 c6 25. Rd1 Rf8 26. Rd4 Rhf5 27. Rdg4 g6
28. Nd4 Re5 29. Bd3 Kh8 30. Ke2 c5 31. Nf3 Re6 32. Ng5 Ref6 33. Nh3 R6f7 34.
Nf4 c4 35. Bc2 g5 36. Nxd5 Bd8 37. Rd4 b5 38. Nb4 Nb7 39. Rd5 a6 40. Nxa6 Be7
41. Nb4 g4 42. Nc6 Bh4 43. Rh5 Rxf2+ 44. Rxf2 Rxf2+ 45. Kd1 Rf1+ 46. Ke2 Rf2+
1/2-1/2

[Event "18. Sparkassen Open 2019 - Gruppe A"]
[Site "Forchheim"]
[Date "2019.10.04"]
[Round "1.10"]
[White "Amtmann, Florian"]
[Black "Böhme, Markus"]
[Result "1/2-1/2"]
[WhiteElo "2113"]
[BlackElo "2089"]
[PlyCount "34"]
[EventDate "2019.??.??"]
[WhiteTeam "Spvgg 1946 e.V. Stetten"]
[BlackTeam "SC Uttenreuth e.V."]

1. e4 c5 2. d4 cxd4 3. c3 dxc3 4. Nxc3 Nc6 5. Nf3 d6 6. Bc4 a6 7. O-O Nf6 8.
Be3 e6 9. Qe2 Be7 10. Rfd1 Qa5 11. a3 O-O 12. b4 Qh5 13. Qc2 Ng4 14. Bf4 e5 15.
Bg3 Nf6 16. h3 Bd7 17. Be2 Qg6 1/2-1/2

[Event "18. Sparkassen Open 2019 - Gruppe A"]
[Site "Forchheim"]
[Date "2019.10.04"]
[Round "1.11"]
[White "Diller, Peter"]
[Black "von Zimmermann, Georg"]
[Result "0-1"]
[WhiteElo "2003"]
[BlackElo "2051"]
[PlyCount "130"]
[EventDate "2019.??.??"]
[WhiteTeam "SK Rothenburg e.V."]
[BlackTeam "MSA Zugzwang 82 e.V."]

1. e4 c5 2. f4 Nc6 3. Nf3 g6 4. Nc3 Bg7 5. Bc4 e6 6. O-O Nge7 7. a3 d5 8. Ba2
dxe4 9. Nxe4 O-O 10. d3 Nf5 11. Rb1 b6 12. b4 cxb4 13. axb4 Nfd4 14. b5 Nxf3+
15. Qxf3 Nd4 16. Nf6+ Bxf6 17. Qxa8 Qc7 18. Qe4 Bb7 19. Qe1 Nxc2 20. Qg3 Nd4
21. Qf2 Rd8 22. Bb2 Qc5 23. Kh1 Qf5 24. Bc4 Qh3 25. Kg1 Qg4 26. h3 Qh5 27. Kh2
Bh4 28. Qe3 Qc5 29. Qe5 Qxe5 30. fxe5 Ne2 31. Ra1 Bg3+ 32. Kh1 Nf4 33. Rxf4
Bxf4 34. Rxa7 Bd5 35. Ra1 Bg3 36. Kg1 Kg7 37. Rc1 g5 38. Bd4 Bxc4 39. Rxc4 Rd5
40. Bxb6 Rxb5 41. Be3 Rb1+ 42. Rc1 Rxc1+ 43. Bxc1 Kg6 44. d4 Kf5 45. Kf1 Bf4
46. Ba3 Ke4 47. Be7 Kxd4 48. Bf6 Ke4 49. Kf2 Bd2 50. Ke2 Bc1 51. Kf2 g4 52.
hxg4 Kf4 53. g5 Kg4 54. g3 Bxg5 55. Bg7 Bc1 56. Bh8 h5 57. Bg7 Bb2 58. Kg2 Kf5
59. Kf3 Bxe5 60. Bf8 Bd4 61. Bb4 e5 62. Ba5 e4+ 63. Kg2 Kg4 64. Bb4 Be5 65. Be1
e3 0-1

[Event "18. Sparkassen Open 2019 - Gruppe A"]
[Site "Forchheim"]
[Date "2019.10.04"]
[Round "1.12"]
[White "Redzepovic, Irfan"]
[Black "Paeslack, Luis"]
[Result "1-0"]
[WhiteElo "2055"]
[BlackElo "1936"]
[PlyCount "75"]
[EventDate "2019.??.??"]
[WhiteTeam "SC Schwarz-Weiß Nürnberg Süd e.V"]
[BlackTeam "TV-Großostheim 1900 e.V."]

1. d4 d5 2. Nf3 c6 3. e3 Nf6 4. c4 e6 5. Nc3 Bd6 6. Bd3 dxc4 7. Bxc4 Nbd7 8. e4
Bb4 9. Qc2 c5 10. e5 cxd4 11. exf6 dxc3 12. bxc3 Qxf6 13. Bd2 h6 14. O-O Bc5
15. Qe4 O-O 16. Bd3 Qf5 17. Qe2 Qf6 18. Rab1 Nb6 19. Rb5 Na4 20. Qe4 Rd8 21.
Qxa4 Bd7 22. Qe4 Bxb5 23. Qh7+ Kf8 24. Bxb5 a6 25. Bd3 Ke7 26. Qe4 Rd7 27. Rb1
Rb8 28. Bf4 Rbd8 29. Ne5 Rc7 30. Rxb7 Rxb7 31. Qxb7+ Kf8 32. Nd7+ Rxd7 33. Qxd7
Bxf2+ 34. Kh1 g5 35. Bd6+ Kg7 36. Qe8 Qxc3 37. Qf8+ Kf6 38. Qh8# 1-0

[Event "18. Sparkassen Open 2019 - Gruppe A"]
[Site "Forchheim"]
[Date "2019.10.04"]
[Round "1.13"]
[White "Mehling, Katharina"]
[Black "Ulusoy, Tolga"]
[Result "1-0"]
[WhiteElo "2020"]
[BlackElo "2023"]
[PlyCount "109"]
[EventDate "2019.??.??"]
[WhiteTeam "Spvgg 1946 e.V. Stetten"]
[BlackTeam "SC Noris-Tarrasch Nürnberg 1873"]

1. e4 c5 2. Nf3 d6 3. d4 cxd4 4. Nxd4 Nf6 5. Nc3 g6 6. Be3 Bg7 7. f3 Nc6 8. Qd2
O-O 9. g4 Be6 10. Nxe6 fxe6 11. O-O-O Qc8 12. Bh6 Ne5 13. Bxg7 Kxg7 14. Be2 Qc5
15. Rhg1 b5 16. Nxb5 Nxf3 17. Bxf3 Qxb5 18. e5 Nd5 19. Bxd5 exd5 20. Qxd5 Qxd5
21. Rxd5 Rf2 22. exd6 exd6 23. Rxd6 Rxh2 24. g5 Rc8 25. Rd7+ Kg8 26. Rd2 Rh5
27. b3 Rc5 28. Rdg2 Kf7 29. c4 h6 30. gxh6 Rxh6 31. Kd2 Kf6 32. Kd3 a5 33. a3
Rf5 34. Rg3 g5 35. b4 Rh4 36. b5 Rff4 37. c5 Rd4+ 38. Kc2 Rd5 39. Rc3 a4 40.
Rg2 Ke7 41. Re2+ Kd8 42. c6 Rh8 43. b6 Kc8 44. b7+ Kb8 45. Rd2 Rxd2+ 46. Kxd2
Kc7 47. Ke3 Rh3+ 48. Kd4 g4 49. Re3 Rh8 50. Kc5 Rh5+ 51. Kb4 Rh8 52. Kb5 Rh5+
53. Ka6 Rh8 54. Ka7 Rg8 55. Rg3 1-0

[Event "18. Sparkassen Open 2019 - Gruppe A"]
[Site "Forchheim"]
[Date "2019.10.04"]
[Round "1.14"]
[White "Bunk, Karsten"]
[Black "Schimmele, Alexander"]
[Result "1/2-1/2"]
[WhiteElo "2105"]
[BlackElo "1893"]
[PlyCount "80"]
[EventDate "2019.??.??"]
[WhiteTeam "SC Schwarz-Weiß Nürnberg Süd e.V"]
[BlackTeam "SC Neckarsulm e.V."]

1. c4 Nf6 2. g3 g6 3. Bg2 Bg7 4. Nc3 d6 5. e4 O-O 6. Nge2 c5 7. O-O Nc6 8. d3
a6 9. h3 Rb8 10. a4 Nd4 11. Be3 e5 12. Rb1 a5 13. Bxd4 exd4 14. Nb5 Qe7 15. Qd2
b6 16. Rbe1 Re8 17. Kh2 Bb7 18. Ng1 Nd7 19. f4 f6 20. h4 h6 21. Nc7 Red8 22.
Nd5 Bxd5 23. exd5 Qf7 24. Bh3 f5 25. Re2 Re8 26. Rfe1 Rxe2+ 27. Qxe2 Nf6 28.
Qf3 Re8 29. Rxe8+ Qxe8 30. g4 fxg4 31. Bxg4 Qe3 32. Be6+ Kf8 33. Qxe3 dxe3 34.
Kg3 Nh5+ 35. Kf3 Bxb2 36. Ne2 Bd4 37. f5 Kg7 38. fxg6 Kxg6 39. Bg4 Nf6 40. Nf4+
Kf7 1/2-1/2

[Event "18. Sparkassen Open 2019 - Gruppe A"]
[Site "Forchheim"]
[Date "2019.10.04"]
[Round "1.15"]
[White "Löllmann, Heinrich"]
[Black "Adelhütte, Dennis"]
[Result "1/2-1/2"]
[WhiteElo "1941"]
[BlackElo "2008"]
[PlyCount "83"]
[EventDate "2019.??.??"]
[WhiteTeam "SV Bubenreuth e.V."]
[BlackTeam "SC JÄKLECHEMIE Talente Franken e"]

1. e4 e6 2. d4 d5 3. exd5 exd5 4. Bd3 Nc6 5. c3 Bd6 6. Nf3 Nge7 7. O-O Bg4 8.
Re1 Qd7 9. a4 O-O 10. Nbd2 Rae8 11. Nf1 Ng6 12. Rxe8 Rxe8 13. Ne3 Nf4 14. Nxg4
Qxg4 15. Bxf4 Bxf4 16. Qc2 g6 17. Re1 Rxe1+ 18. Nxe1 Qe6 19. Nf3 Ne7 20. g3 Bh6
21. Kg2 Nc8 22. b3 Nd6 23. Ne5 Bg7 24. f4 f6 25. Nf3 Qe3 26. Qd2 Qxd2+ 27. Nxd2
f5 28. Nf3 Ne4 29. Bxe4 dxe4 30. Ne5 Kf8 31. Kf2 Ke7 32. Ke3 c6 33. h4 Ke6 34.
Ke2 c5 35. Ke3 cxd4+ 36. Kxd4 a5 37. b4 axb4 38. cxb4 Kd6 39. a5 Bf6 40. b5 Bd8
41. Nc4+ Ke7 42. Kd5 1/2-1/2

[Event "18. Sparkassen Open 2019 - Gruppe A"]
[Site "Forchheim"]
[Date "2019.10.04"]
[Round "1.16"]
[White "Ochs, Daniel Elias"]
[Black "Sippl, Martin"]
[Result "1/2-1/2"]
[WhiteElo "2065"]
[BlackElo "2065"]
[PlyCount "55"]
[EventDate "2019.??.??"]
[WhiteTeam "Wiesbadener SV 1885"]
[BlackTeam "SC Postbauer-Heng e.V"]

1. d4 Nf6 2. Nf3 d6 3. g3 Nbd7 4. Bg2 c6 5. O-O Qc7 6. c4 e5 7. Nc3 Be7 8. e4
Nf8 9. c5 dxc5 10. dxe5 Ng4 11. h3 Nxe5 12. Nxe5 Qxe5 13. Be3 Ng6 14. f4 Qc7
15. Qh5 b6 16. e5 O-O 17. Rad1 Ba6 18. Rfe1 Rad8 19. Be4 Rfe8 20. Qf3 Bb7 21.
h4 Nf8 22. b3 Ne6 23. Ne2 Nf8 24. Kg2 Rxd1 25. Rxd1 Rd8 26. Rf1 Ba6 27. Rf2 Bb7
28. Qg4 1/2-1/2

[Event "18. Sparkassen Open 2019 - Gruppe A"]
[Site "Forchheim"]
[Date "2019.10.04"]
[Round "1.17"]
[White "Niebler, Paul"]
[Black "Blum, Frederik"]
[Result "0-1"]
[WhiteElo "1920"]
[BlackElo "2031"]
[PlyCount "53"]
[EventDate "2019.??.??"]
[BlackTeam "Spvgg Böblingen"]

1. d4 Nf6 2. Nf3 g6 3. Nbd2 Bg7 4. e4 d6 5. Bd3 O-O 6. O-O Nc6 7. c3 e5 8. Re1
Nh5 9. dxe5 dxe5 10. Qc2 Nf4 11. Bc4 g5 12. Nf1 g4 13. Bxf4 exf4 14. Rad1 Qf6
15. Nd4 Ne5 16. Bb3 f3 17. gxf3 c5 18. Nf5 Nxf3+ 19. Kh1 Bxf5 20. exf5 Nxe1 21.
Rxe1 Rfe8 22. Ne3 h5 23. Bd5 Re7 24. Rd1 Bh6 25. Qd3 Rae8 26. Nc4 Bf4 27. a4
0-1

[Event "18. Sparkassen Open 2019 - Gruppe A"]
[Site "Forchheim"]
[Date "2019.10.04"]
[Round "1.18"]
[White "Kirchner, Markus"]
[Black "Maruntis, Patrik-Robert"]
[Result "1/2-1/2"]
[WhiteElo "2060"]
[BlackElo "1707"]
[PlyCount "47"]
[EventDate "2019.??.??"]
[WhiteTeam "1.Hainstädter SC 1950"]
[BlackTeam "MTV Ingolstadt"]

1. e4 c5 2. Nf3 d6 3. d4 cxd4 4. Nxd4 Nf6 5. f3 g6 6. c4 Bg7 7. Nc3 O-O 8. Be3
Nc6 9. Be2 Nxd4 10. Bxd4 Be6 11. Rc1 a6 12. Qd2 Qa5 13. O-O Rfc8 14. b3 h5 15.
Be3 Kh7 16. Rc2 Rc6 17. Nd5 Qxd2 18. Rxd2 Bxd5 19. exd5 Rc7 20. Bb6 Rcc8 21.
Bd3 Nd7 22. Bf2 Bf6 23. f4 Nc5 24. Rc1 1/2-1/2

[Event "18. Sparkassen Open 2019 - Gruppe A"]
[Site "Forchheim"]
[Date "2019.10.04"]
[Round "1.19"]
[White "Vennemann, Jürgen"]
[Black "Homi, Joseph"]
[Result "0-1"]
[WhiteElo "1949"]
[BlackElo "1997"]
[PlyCount "108"]
[EventDate "2019.??.??"]
[WhiteTeam "SC Hersbruck"]
[BlackTeam "SGem 1882 Fürth"]

1. d4 Nf6 2. c4 e6 3. Nc3 Bb4 4. a3 Bxc3+ 5. bxc3 c5 6. e3 b6 7. Bd3 Bb7 8. f3
Nc6 9. Ne2 O-O 10. e4 Ne8 11. O-O Na5 12. Ng3 Ba6 13. f4 Qe7 14. e5 f6 15. exf6
Nxf6 16. Qe2 d5 17. Re1 Bxc4 18. Bxc4 Nxc4 19. Qxe6+ Qxe6 20. Rxe6 Rfe8 21.
Rxe8+ Rxe8 22. h3 Ne4 23. Nxe4 Rxe4 24. dxc5 bxc5 25. Kf2 Nd6 26. Bb2 Rxf4+ 27.
Kg3 Re4 28. Rd1 Re5 29. a4 Kf7 30. Kf3 Nc4 31. Bc1 Rf5+ 32. Ke2 Ke6 33. Rd3 a6
34. Rg3 g6 35. Rd3 Nb6 36. Rd1 Nxa4 37. Bd2 Re5+ 38. Kf3 Re4 39. Rb1 h5 40. Rb8
Rc4 41. Ra8 h4 42. Rxa6+ Kf5 43. Rc6 Nxc3 44. Be3 Ne4 45. Rc8 d4 46. Rf8+ Nf6
47. Bf2 Rc3+ 48. Ke2 Rc2+ 49. Kf1 g5 50. g3 hxg3 51. Bxg3 d3 52. Rd8 c4 53. Rd4
Rc1+ 54. Be1 Ne4 0-1

[Event "18. Sparkassen Open 2019 - Gruppe A"]
[Site "Forchheim"]
[Date "2019.10.04"]
[Round "1.20"]
[White "Meulner, Fabian"]
[Black "Heppert, Lars"]
[Result "1-0"]
[WhiteElo "1983"]
[BlackElo "1902"]
[PlyCount "77"]
[EventDate "2019.??.??"]
[WhiteTeam "SGem 1882 Fürth"]
[BlackTeam "SK Marburg 1931/72"]

1. d4 Nf6 2. Bg5 g6 3. Bxf6 exf6 4. e3 Bg7 5. g3 O-O 6. Bg2 f5 7. Ne2 d5 8. Nd2
Be6 9. O-O c6 10. b3 Nd7 11. c4 Nf6 12. Rc1 Qd7 13. Nf4 Ne4 14. Nf3 g5 15. Nd3
f6 16. cxd5 Bxd5 17. Nc5 Qf7 18. Nd2 Rfe8 19. Qc2 Nxd2 20. Bxd5 Qxd5 21. Qxd2
b6 22. Na4 c5 23. Rfd1 Rad8 24. Qc2 cxd4 25. Rxd4 Qf3 26. Qc4+ Kh8 27. Qf7 Rf8
28. Qxa7 Rxd4 29. exd4 h5 30. Qxb6 f4 31. Qc6 Qg4 32. Nc5 Rc8 33. Qe4 f5 34.
Qe6 Rc7 35. Re1 fxg3 36. hxg3 h4 37. Qg6 Rc8 38. Ne6 Bf8 39. Nxg5 1-0

[Event "18. Sparkassen Open 2019 - Gruppe A"]
[Site "Forchheim"]
[Date "2019.10.05"]
[Round "3.1"]
[White "Böhme, Sebastian"]
[Black "Miller, Eduard"]
[Result "0-1"]
[WhiteElo "2095"]
[BlackElo "2402"]
[PlyCount "92"]
[EventDate "2019.??.??"]
[WhiteTeam "SC Uttenreuth e.V."]
[BlackTeam "SC Erlangen 48/88"]

1. d4 Nf6 2. Bf4 g6 3. Nc3 d5 4. e3 Bg7 5. h4 h5 6. Nf3 O-O 7. Qd2 c5 8. dxc5
Nc6 9. O-O-O Qa5 10. Kb1 Bf5 11. Nd4 e5 12. Nxc6 bxc6 13. Bxe5 Qxc5 14. Qd4 Qe7
15. Na4 Rfe8 16. f4 Ng4 17. Bxg7 f6 18. Bxf6 Qxf6 19. Qxf6 Nxf6 20. Re1 Re7 21.
Nc3 Rae8 22. Nd1 d4 23. Bc4+ Kg7 24. Nf2 Rxe3 25. Rxe3 Rxe3 26. Kc1 Ne4 27.
Nxe4 Bxe4 28. Bd3 Bxd3 29. cxd3 Rxd3 30. Re1 Kf6 31. Re5 Rg3 32. Rc5 Rxg2 33.
Rxc6+ Kf5 34. Rd6 Ke4 35. a4 Kd3 36. Kb1 a5 37. Rd5 Rg1+ 38. Ka2 Kc4 39. Rxa5
d3 40. b3+ Kd4 41. Ra8 d2 42. Rd8+ Kc3 43. Rc8+ Kb4 44. Rb8+ Ka5 45. b4+ Kxa4
46. Rd8 d1=Q 0-1

[Event "18. Sparkassen Open 2019 - Gruppe A"]
[Site "Forchheim"]
[Date "2019.10.05"]
[Round "3.2"]
[White "Amtmann, Florian"]
[Black "Meulner, Klaus"]
[Result "1/2-1/2"]
[WhiteElo "2113"]
[BlackElo "2090"]
[PlyCount "32"]
[EventDate "2019.??.??"]
[WhiteTeam "Spvgg 1946 e.V. Stetten"]
[BlackTeam "SC Schwarz-Weiß Nürnberg Süd e.V"]

1. e4 e6 2. d4 d5 3. e5 c5 4. c3 Nc6 5. Nf3 Qb6 6. a3 c4 7. Nbd2 f6 8. Be2 fxe5
9. dxe5 Nh6 10. O-O Nf7 11. b3 cxb3 12. Nxb3 Ncxe5 13. Nxe5 Nxe5 14. Bh5+ g6
15. Re1 Bg7 16. Bf4 Nf7 1/2-1/2

[Event "18. Sparkassen Open 2019 - Gruppe A"]
[Site "Forchheim"]
[Date "2019.10.05"]
[Round "3.3"]
[White "Meulner, Fabian"]
[Black "Ammon, Tobias"]
[Result "1/2-1/2"]
[WhiteElo "1983"]
[BlackElo "2156"]
[PlyCount "133"]
[EventDate "2019.??.??"]
[WhiteTeam "SGem 1882 Fürth"]
[BlackTeam "SV Altensittenbach"]

1. e4 c6 2. d4 d5 3. e5 Bf5 4. Nf3 e6 5. Be2 Nd7 6. O-O Ne7 7. Nbd2 Nc8 8. Nb3
Be7 9. Ne1 O-O 10. Be3 Bg6 11. Nd3 Ncb6 12. Nf4 Nc4 13. Rb1 Qc7 14. Nd2 Nxd2
15. Qxd2 c5 16. Nxg6 hxg6 17. c3 Rac8 18. Rbc1 Qb6 19. Bd3 Rc7 20. a3 Rfc8 21.
b4 cxb4 22. cxb4 a6 23. Rxc7 Qxc7 24. Rc1 Qxc1+ 25. Qxc1 Rxc1+ 26. Bxc1 b5 27.
Kf1 Nb6 28. Ke2 Kf8 29. g3 Ke8 30. Kd2 Kd7 31. Kc3 Kc6 32. Bd2 Nc4 33. Bc1 Bd8
34. Bc2 Nb6 35. Be3 Nd7 36. Bd3 Kb6 37. Kb3 Nb8 38. Bd2 Nc6 39. Be3 Be7 40. h4
a5 41. bxa5+ Nxa5+ 42. Kb2 Nc4+ 43. Kb3 Nxa3 44. h5 gxh5 45. Bh7 Nc4 46. Bg8 h4
47. gxh4 Bxh4 48. Bxf7 Nxe3 49. fxe3 Bf2 50. Bxe6 Bxe3 51. Bxd5 Bxd4 52. e6 Bf6
53. Bf3 Kc5 54. Bg4 b4 55. Bf3 Be7 56. Kc2 Kd4 57. Kd2 b3 58. Be2 Bg5+ 59. Kd1
Kc3 60. Bf3 Bf6 61. Kc1 g5 62. Bg4 Be7 63. Kb1 Ba3 64. Bd1 Be7 65. Bg4 Bf6 66.
Bd1 b2 67. Bg4 1/2-1/2